Guardians WAR Leaders by Year - Statistics

General Stats
  • This quiz has been taken 21 times
  • The average score is 26 of 55
Answer Stats
Year WAR Position Answer % Correct
2024 6.8 3B Jose Ramirez
100%
2021 6.8 3B Jose Ramirez
100%
2018 7.5 3B Jose Ramirez
100%
2017 7.9 SP Corey Kluber
89%
2016 5.7 SP Corey Kluber
89%
2015 4.2 SP Corey Kluber
89%
2014 8.1 SP Corey Kluber
89%
2019 4.8 SS Francisco Lindor
79%
2002 7.4 1B Jim Thome
79%
1997 5.5 1B Jim Thome
79%
1996 7.5 1B Jim Thome
79%
1998 6.0 CF Kenny Lofton
79%
1994 7.2 CF Kenny Lofton
79%
1993 7.6 CF Kenny Lofton
79%
1992 6.6 CF Kenny Lofton
79%
1976 3.8 3B Buddy Bell
74%
2020 3.2 SP Shane Bieber
74%
2023 5.3 2B Andres Gimenez
58%
2022 7.4 2B Andres Gimenez
58%
2007 6.4 SP CC Sabathia
58%
2006 6.7 CF Grady Sizemore
58%
2005 6.6 CF Grady Sizemore
58%
2001 7.3 2B Roberto Alomar
58%
2000 5.6 2B Roberto Alomar
58%
1999 7.4 2B Roberto Alomar
58%
1995 7.0 LF Albert Belle
53%
2008 6.7 SP Cliff Lee
42%
2013 5.0 2B Jason Kipnis
42%
2012 3.9 2B Jason Kipnis
42%
2004 5.0 DH Travis Hafner
42%
2011 4.7 SS Asdrubal Cabrera
32%
1977 5.1 SP Dennis Eckersley
32%
1975 5.3 SP Dennis Eckersley
32%
1974 8.5 SP Gaylord Perry
32%
1973 7.8 SP Gaylord Perry
32%
1972 11.0 SP Gaylord Perry
32%
1978 5.3 1B Andre Thornton
26%
1986 5.7 UTL Joe Carter
26%
1970 7.9 SP Sam McDowell
26%
1984 7.2 SP Bert Blyleven
21%
1981 5.6 SP Bert Blyleven
21%
2010 5.9 RF Shin-Soo Choo
21%
2009 5.5 RF Shin-Soo Choo
21%
1990 3.6 3B Brook Jacoby
16%
1971 7.5 3B Graig Nettles
16%
1982 6.6 3B Toby Harrah
16%
1980 4.4 3B Toby Harrah
16%
1991 3.8 SP Greg Swindell
11%
1988 5.9 SP Greg Swindell
11%
2003 4.1 CF Milton Bradley
11%
1979 5.6 CP Sid Monge
11%
1989 4.7 SP Tom Candiotti
11%
1987 4.9 CF Brett Butler
5%
1985 4.7 CF Brett Butler
5%
1983 3.9 SP Larry Sorensen
5%
No matching quizzes found
Score Distribution
Percent of People with Each Score
Percentile by Number Answered
Your Score History
You have not taken this quiz